1526 1528 1561 1704 1351 1234 1728 1047 1085 1324 1485 1546 1634 1016 1786 1129 1432 1337 1992 1031 1514 1202 1361 1353 1842 1409 1025 1208 1141 1185 1683 1238 1973 1106 1616 1307 1403 1371 1758 1210 1400 1927 1576 1084 1359 1643 1585 1155 1457 1521 1399 1203 1338 1567 1298 1697 1397 1123 1758 1690 1478 1157 1215 1619 1575 1746 1970 1776 1523 1404 1120 1520 1724 1491 1852 1598 1513 1391 1068 1400 1151 1616 1095 1429 1736 1439 1933 1374 1602 1137 1045 1783 1490 1287 1185 1201 1834 1458 1210 BCNSPRNW ULIB Ver.6.0+V

เปลี่ยนเป็นภาษาไทย

Change to English
 แสดงรายละเอียดบรรณานุกรม
  กลับหน้าหลัก

Brief Record : Get Marc (ISO 2709) : E-mail record : QR code < ปิดหน้าต่าง
LEADER : 00000nam 2200000uu 4500
001    13399111684
003     ULIB
008    110705s2554||||th 000 0 tha d
020    9786167036281
050  4 BF641^bก683ส 2554
100 1  กิลล์, เมล
245 10 สุดยอดเดอะซีเคร็ต =^bbThe Meta Secret /^cเมล กิลล์, เขียน; ดนัย จันทร์เจ้าฉาย, เรียบเรียง
246 34 The Meta Secret
250    พิมพ์ครั้งที่ 1
260    กรุงเทพฯ :^bดีเอ็มจี,^c2554
300    336 หน้า :^bภาพประกอบ ;^c19 ซม.
650  4 ความคิดใหม่
650  4 ความคิดและการคิด
650  4 ชีวิตทางจิตวิญญาณ
653    Open Your Eyes Project
700 1  Gill, Mel
700 1  ดนัย จันทร์เจ้าฉาย
945    ^p450^l0^i18282
995    กัณชพร
999 ^a ใช้งานได้ทุกระบบ
รายการนี้ยังไม่มีแท็ก
คุณยังไม่ได้ล็อกอิน คุณสามารถมีกิจกรรมร่วมกับเว็บไซต์ได้ แต่ต้องล็อกอินก่อน ::
  ล็อกอิน

รายการสื่อสารสนเทศ

ลำดับที่ ประเภท เลขเรียก/บาร์โค้ด สถานที่ สถานะ
- ไม่พบข้อมูล -

รายการใกล้เคียง
    หัวเรื่อง [ความคิดใหม่]
    หัวเรื่อง [ความคิดและการคิด]
    หัวเรื่อง [ชีวิตทางจิตวิญญาณ]

BibComment


ยังไม่เคยถูกคอมเมนท์

คอมเมนท์ทรัพยากรรายการนี้
  คอมเมนท์: สุดยอดเดอะซีเคร็ต..


 Copyright 2026. Bcnsprnw @Library